00513 a2200133 4500010001400000020001100014035001300025037001600038082000800054245011600062260004100178270012500219300003500344 aENG-88828 c124.00 aEN-72361 bDBAD / PUB14a5741 aDisha's 20 years CBSE-PMT topic wise solved papers1988-2007- biology:bultimate book for step by step learning/ aNew DelhibDisha Publicationscn.d. aB-32, Basemant, Shivalik Main Road, Malviya Nagar,bNew Delhie110 017maiets@rediffmail.comk011-26691021, 011-26691713 avarious pagingsc24 cm. (Pbk).